000 00776nam a2200253 a 4500
008
020 _a013487174X (hbk.)
049 _aMAIN
090 0 1 _aQA276 LAR
100 1 _aLarsen, Richard J.
245 1 3 _aAn introduction to mathematical statistics and its applications /
_cRichard J. Larsen, Morris L. Marx.
250 _a2nd ed.
260 _aEnglewood Cliffs, N.J. :
_bPrentice-Hall,
_cc1986.
300 _ax, 630 p. ;
_c25 cm.
500 _aIncludes index.
504 _aIncludes bibliographical references.
650 0 _aMathematical statistics.
700 1 _aMarx, Morris L.
907 _a.b10090745
_b14-12-11
_c15-10-03
003
005 20231012172807.0
040 _cNUST
942 _cBOOKS
_kQA276 LAR
_01
999 _c148741
_d148741